000 00375nam a22001217a 4500
003 OSt
005 20260210115200.0
008 260210b |||||||| |||| 00| 0 eng d
040 _cWorld Vision International
082 _22nd
_a248.86
_bBYA
245 _aHIV/AIDS Counselling in a Church Community Context
_bA Handbook for Pastors and Trainers and HIV Counselors
942 _2ddc
_cBK
999 _c4146
_d4146